Responses for Show #3094 - Thursday, January 29, 1998

Contestants

[<< previous game]

Corey Burke, a stage carpenter originally from Goshen, Connecticut

Diane Graft, a paralegal from Alexandria, Virginia

Vinnie Iyer, a journalism student from Ballwin, Missouri (whose 3-day cash winnings total $31,900)

[next game >>]

Jeopardy! Round responses

LITTLE MOVIES
JIMMY LOVES THAT COMPUTER
AMERICAN AUTHORS
FISH
NEW JERSEYITES
METAPHORICAL INSULTS
    $100 4
Little Caesar

Corey
    $100 29
Macintosh

Vinnie
    $100 1
F. Scott Fitzgerald

Vinnie
    $100 9
4

Vinnie
    $100 10
Cleveland

Corey
    $100 21
an oar

Diane
    $200 5
Little Shop of Horrors

Vinnie
    $200 30
a screensaver

Diane
    $200 2
Edgar Rice Burroughs

Vinnie
    $200 13
kissing

Corey
    $1,200 11
Abbott & Costello

Corey
    $200 22
the elevator

Vinnie
    $300 6
Jodie Foster

Corey
    $300 28
his web site

Vinnie
    $300 3
R.L. Stine

Corey
    $300 17
(Alex: In heavyweight boxing, the Manassa Mauler was [*].)

Jack Dempsey

Triple Stumper
    $300 12
(Diane: Who is Gabe Kaplan?)

John Travolta

VinnieDiane
    $300 24
a dim bulb

Diane
    $400 7
Little Big Man

Corey
    $400 27
a database

Corey
    $400 19
Truman Capote

Diane
    $400 18
the redeye

Vinnie
    $400 14
Montgomery

Vinnie
    $400 25
no one's home

Corey
    $500 8
(Sir James) Barrie

Diane
    $500 23
a motherboard

Corey
    $500 20
(Andrew) Greeley

Corey
    $500 16
anemones

Diane
    $500 15
(Zebulon) Pike

Corey
    $500 26
a brick

Corey

Scores at the first commercial break (after clue 15):

Vinnie Diane Corey
$1,300 $200 $3,100

Scores at the end of the Jeopardy! Round:

Vinnie Diane Corey
$2,300 $1,700 $5,400

Double Jeopardy! Round responses

BIG MOVIES
ARCHITECTS
WORLD GEOGRAPHY
SOUNDING OFF
I'M WARNING YOU...
NOW GET OUT!
    $200 3
John Wayne

Vinnie
    $200 11
Hartford

Vinnie
    $200 1
Germany

Vinnie
    $200 13
"Hoot"

Diane
    $200 30
Peter Rabbit

Corey
    $200 21
Imelda Marcos

Vinnie
    $400 4
Bette Midler

Corey
    $400 12
swans

Diane
    $400 7
the Yangtze

Vinnie
    $400 14
The Roar

Corey
    $400 29
Runaround Sue

Corey
    $400 22
Hong Kong

Diane
    $3,000 5
(Alex: You saw it, obviously, and you remembered that.)

The Big Chill

Corey
    $600 15
(Vinnie: What's the Metropolitan Museum of Art?)

MOMA (the Museum of Modern Art)

Vinnie
Triple Stumper
    $600 8
Iceland

Corey
    $600 17
sizzle

Triple Stumper
    $600 28
(Alex: Going back to the Watergate scandal, who is [*]?)

John Dean

Triple Stumper
    $600 23
[NOTE: This was the 50,000th clue entered into the J! Archive, 2006-03-25.]

Cambodia

Vinnie
    $800 6
Penny Marshall

Corey
    $800 16
(Vinnie: What is Dallas?)

Houston

Vinnie
Triple Stumper
    $5,000 9
(Alex: [After Corey responds correctly] You gave me kind of a strange look a moment ago, Corey, when I said you could risk it all, I...)
(Corey: Well, I was thinking about it!)

Montreal

Corey
    $800 18
a racket

Corey
    $800 27
(Vinnie: Who is Elijah?)
(Corey: Who is John the Baptist?)
(Diane: Who is Elijah?)

Samuel

VinnieDianeCorey
Triple Stumper
    $800 24
(Vinnie: Who is Duvalier?)

(Jean-Bertrand) Aristide

VinnieDiane
    $1000 2
(Diane: What is Big John?)

Big Bad John

Diane
Triple Stumper
    $1000 19
(Vinnie: What is New Orleans?)

Washington, D.C.

Vinnie
Triple Stumper
    $1000 10
the Tagus

Vinnie
    $1000 20
white noise

Diane
    $1000 26
small craft warnings

Triple Stumper
    $1000 25
Nauvoo

Vinnie

Scores at the end of the Double Jeopardy! Round:

Vinnie Diane Corey
$2,100 $2,700 $16,200
(lock game)

[wagering suggestions for these scores]

Final Jeopardy! Round responses

THE NOBEL PRIZE
VinnieWhat are physics + physiology?
$1,998
DianeWhat are Chemistry + Physics
$1,000
CoreyWhat are Literature and Peace
$8,000
Chemistry & Physics

Final scores:

Vinnie Diane Corey
$102 $3,700 $8,200
3rd place: Wittanaur his & hers watches 2nd place: a trip to Kauai, Hawaii for 6 nights New champion: $8,200

Game dynamics:

Coryat scores:

Vinnie Diane Corey
$2,100 $2,700 $8,600
18 R,
5 W
11 R,
3 W
22 R
(including 3 DDs),
1 W

Combined Coryat: $13,400

[game clues] [game scores] [suggest correction]

Game tape date: Unknown
The J! Archive is created by fans, for fans. Scraping, republication, monetization, and malicious use prohibited; this site may use cookies and collect identifying information. See terms. The Jeopardy! game show and all elements thereof, including but not limited to copyright and trademark thereto, are the property of Jeopardy Productions, Inc. and are protected under law. This website is not affiliated with, sponsored by, or operated by Jeopardy Productions, Inc. Join the discussion at JBoard.tv.